00368 2200157 4500001002100000005001500021035002000036245002400056100001400080300002800094260003200122082000800154084001400162020002200176990001200198INLIS00000000000315720251126102631 a0010-11250000181 aPulang /cTere Liye0 aTere Liye a400 hlm ;c14 x 19,5 cm aJakarta :bRepublika,c2015 a813 a813 TER p a978-602-0822-12-9 a0754563